000 00304nam a2200121 a 4500
001 000046055
005 20201002052616.0
008 150616s1900 000 spa d
040 _aDO-SdBNP
_bspa
_cBNPHU
245 3 _aEl plan de marketing.
260 _aSanto Domingo,
_c1900?
300 _as. l. ;
_c22 cm.
999 _c45544
_d45544